LEADER 01022nam 2200349 450 001 9910796861603321 005 20180914081657.0 010 $a1-4985-6659-6 035 $a(CKB)4100000004821554 035 $a(MiAaPQ)EBC5400543 035 $a(EXLCZ)994100000004821554 100 $a20180628d2018 uy 0 101 0 $aeng 135 $aurcnu|||||||| 181 $ctxt$2rdacontent 182 $cc$2rdamedia 183 $acr$2rdacarrier 200 10$aTropical idolatry $ea theological history of Catholic colonialism in the Pacific world, 1568-1700 /$fR. L. Green 210 1$aLanham :$cLexington Books,$d[2018] 210 4$d©2018 215 $a1 online resource (151 pages) 311 $a1-4985-6658-8 320 $aIncludes bibliographical references and index. 676 $a266/.2 700 $aGreen$b R. L.$f1978-$01583679 801 0$bMiAaPQ 801 1$bMiAaPQ 801 2$bMiAaPQ 906 $aBOOK 912 $a9910796861603321 996 $aTropical idolatry$93867014 997 $aUNINA LEADER 04757nam 22007093 450 001 9911072298203321 005 20250619110036.0 010 $a9782760556997 010 $a2760556999 024 7 $a10.1515/9782760556997 035 $a(MiAaPQ)EBC7033126 035 $a(Au-PeEL)EBL7033126 035 $a(CKB)24230403500041 035 $a(OCoLC)1335115304 035 $a(MdBmJHUP)musev2_101828 035 $a(PPN)264423763 035 $a(NjHacI)9924230403500041 035 $a(DE-B1597)673394 035 $a(DE-B1597)9782760556997 035 $a(FR-PaCSA)88933184 035 $a(FRCYB88933184)88933184 035 $a(OCoLC)1336406160 035 $a(MiAaPQ)EBC32133460 035 $a(Au-PeEL)EBL32133460 035 $a(OCoLC)1351996901 035 $a(EXLCZ)9924230403500041 100 $a20220711d2022 uy 0 101 0 $afre 135 $aurcnu|||||||| 181 $ctxt$2rdacontent 182 $cc$2rdamedia 183 $acr$2rdacarrier 200 10$aRhétoriques, Métaphores et Technologies Numériques $eL'influence du Langage Sur Notre Perception de la Numérisation du Monde 205 $a1st ed. 210 1$aQuebec :$cPresses de l'Université du Québec,$d2022. 210 4$d©2022. 215 $a1 online resource (212 pages) 225 0 $aCahiers du gerse 311 08$aPrint version: Caccamo, Emmanuelle Rhétoriques, Métaphores et Technologies Numériques Quebec : Presses de l'Université du Québec,c2022 9782760556980 320 $aIncludes bibliographical references (pages 163-190). 327 $aMettre en question les rhe?toriques et les me?taphores entourant les technologies nume?riques / Emmanuelle Caccamo et Maude Bonenfant -- L'architexte liquide du travail nume?rise? / Marc Bernardot -- «Smart cities : prendre le pouls de la ville » : circulation et effets persuasifs d'une me?tphore argumentative / Alexandre Lansmans -- Interroger les me?taphores pour une e?ducation critique aux robots / Anne-Sophie Collard, Nathalie Grandjean, Fanny Boraita et Julie Henry -- Jeu vide?o et catachre?ses : approche lexicome?trique et rhe?torique des me?taphores tutorielles dans les jeux de ro?le occidentaux / Nicolas Bourgeois et Fanny Barnabe? -- Les me?taphores du big data / Cornelius Puschmann et Jean Burgess -- De Big Deal a? Big Brother : l'e?volution des cadres me?diatiques sur l'usage des renseignements personnels en politique que?be?coise / Philippe R. Dubois. 330 $aLe de?veloppement des technologies informatiques, a? l'exemple de la ville connecte?e, des donne?es massives (big data) et de l'intelligence artificielle est appuye? par un ensemble de discours a? vise?e persuasive. Par divers proce?de?s de langage, figures et strate?gies rhe?toriques, ces argumentaires visent notamment a? le?gitimer une nume?risation de plus en plus croissante des socie?te?s. Les me?taphores jouent a? ce sujet un ro?le crucial. Bien qu'elles puissent avoir une fonction esthe?tique ou pe?dagogique, elles peuvent e?galement endosser un ro?le ide?ologique et ainsi ve?hiculer des valeurs morales et politiques particulie?res et nous de?tourner d'enjeux fondamentaux. L'exemple bien connu de la me?taphore du «?nuage?» informatique porte une vision quasi ide?ale de la technologie nume?rique et participe malencontreusement a? persuader du caracte?re «?immate?riel?» des re?seaux et des syste?mes informatiques. L'imagerie le?ge?re et vaporeuse de la figure occulte l'ampleur du de?sastre e?cologique lie? aux de?veloppements du nume?rique.Ce livre s'adresse a? un lectorat universitaire, mais aussi a? un public averti qui s'inte?resse aux technologies, aux discours et a? la socie?te?. Il pre?sente diffe?rentes e?tudes de de?construction des me?taphores employe?es pour qualifier les nouvelles technologies et saisir l'importance e?thique d'examiner minutieusement les discours argumentatifs sur les donne?es massives, la ville intelligente, la robotique, les jeux vide?o et, plus largement, sur le nume?rique. 606 $aDiscourse analysis 606 $aTechnology$xSocial aspects 606 $aMetaphor 606 $aPragmatics 606 $aSemiotics 615 0$aDiscourse analysis. 615 0$aTechnology$xSocial aspects. 615 0$aMetaphor. 615 0$aPragmatics. 615 0$aSemiotics. 676 $a401.41 700 $aBarnabe?$b Fanny$4aut$4http://id.loc.gov/vocabulary/relators/aut$01279380 701 $aBonenfant$b Maude$01316963 801 0$bMiAaPQ 801 1$bMiAaPQ 801 2$bMiAaPQ 906 $aBOOK 912 $a9911072298203321 996 $aRhétoriques, Métaphores et Technologies Numériques$94559242 997 $aUNINA